000 00599nam a2200193Ia 4500
005 20260114185604.0
008 008 260114s9999 xx 000 0 eng d
020 _a9781474205900
037 _aEBOOK
040 _aCRL
_beng
_cCRL
041 _aeng
_2eng
084 _qCRL
100 _aMaggie Andrews
_9871930
245 0 _aWomen and Evacuation in the Second World War Femininity, Domesticity and Motherhood
260 _bBloomsbury
_c2019
856 _uhttps://doi.org/10.5040/9781474205900?locatt=label:secondary_bloomsburyCollections
942 _cEBOOK
999 _c1470878
_d1470878